Flaggenpuzzle - Statistiken

Allgemein
  • Dieses Quiz wurde 89 mal gespielt
  • Das Durchschnittsergebnis liegt bei 40 aus 45
Antwortstatistiken
Frage Kachel Select % Korrekt
Wähle alle Teile der Flagge Albaniens aus Nein
100%
Wähle alle Teile der Flagge Albaniens aus Nein
100%
Wähle alle Teile der Flagge Albaniens aus Ja
99%
Wähle alle Teile der Flagge Albaniens aus Nein
99%
Wähle alle Teile der Flagge Albaniens aus Ja
99%
Wähle alle Teile der Flagge Albaniens aus Nein
99%
Wähle alle Teile der Flagge Albaniens aus Nein
99%
Wähle alle Teile der Flagge Saudi Arabiens aus Nein
96%
Wähle alle Teile der Flagge Albaniens aus Ja
95%
Wähle alle Teile der Flagge Saudi Arabiens aus Nein
95%
Wähle alle Teile der Flagge Saudi Arabiens aus Ja
95%
Wähle alle Teile der Flagge Saudi Arabiens aus Nein
95%
Wähle alle Teile der Flagge Saudi Arabiens aus Ja
94%
Wähle alle Teile der Flagge Saudi Arabiens aus Ja
94%
Wähle alle Teile der Flagge Ugandas aus Nein
94%
Wähle alle Teile der Flagge Albaniens aus Nein
93%
Wähle alle Teile der Flagge Saudi Arabiens aus Nein
93%
Wähle alle Teile der Flagge Ugandas aus Nein
93%
Wähle alle Teile der Flagge Ugandas aus Nein
93%
Wähle alle Teile der Flagge Ugandas aus Ja
90%
Wähle alle Teile der Flagge Nicaraguas aus Nein
90%
Wähle alle Teile der Flagge Saudi Arabiens aus Nein
89%
Wähle alle Teile der Flagge Ugandas aus Nein
89%
Wähle alle Teile der Flagge Ugandas aus Nein
89%
Wähle alle Teile der Flagge Ugandas aus Nein
89%
Wähle alle Teile der Flagge Ugandas aus Ja
89%
Wähle alle Teile der Flagge Nicaraguas aus Nein
89%
Wähle alle Teile der Flagge Nicaraguas aus Nein
89%
Wähle alle Teile der Flagge Tuvalus aus Nein
89%
Wähle alle Teile der Flagge Tuvalus aus Nein
89%
Wähle alle Teile der Flagge Tuvalus aus Nein
88%
Wähle alle Teile der Flagge Tuvalus aus Nein
88%
Wähle alle Teile der Flagge Tuvalus aus Ja
87%
Wähle alle Teile der Flagge Tuvalus aus Ja
86%
Wähle alle Teile der Flagge Tuvalus aus Nein
86%
Wähle alle Teile der Flagge Saudi Arabiens aus Nein
82%
Wähle alle Teile der Flagge Nicaraguas aus Nein
82%
Wähle alle Teile der Flagge Nicaraguas aus Ja
79%
Wähle alle Teile der Flagge Nicaraguas aus Nein
79%
Wähle alle Teile der Flagge Nicaraguas aus Ja
79%
Wähle alle Teile der Flagge Ugandas aus Ja
75%
Wähle alle Teile der Flagge Tuvalus aus Nein
75%
Wähle alle Teile der Flagge Nicaraguas aus Ja
74%
Wähle alle Teile der Flagge Nicaraguas aus Nein
73%
Wähle alle Teile der Flagge Tuvalus aus Ja
68%
Keine übereinstimmenden Quizze gefunden
Verteilung der Resultate
Anzahl Personen mit jedem Resultat
Perzentil nach korrekt beantworteten Fragen
Ihre Resultats-Entwicklung
Sie haben dieses Quiz noch nicht gespielt